000 00662nam a2200193 4500
001 125664
003 ES-MaACL
005 20250826083352.0
007 t|
008 070214s1934 sz r ||||1| fre d
245 0 3 _aLa réforme scolaire polonaise /
_cBureau International d'Éducation.
260 _aGenève :
_bBureau International d'Éducation,
_c1934.
300 _a38 p. ;
_c24 cm.
490 1 _aPublications du Bureau International d'Éducation ;
_v36
710 1 _aOficina Internacional del Trabajo
_96023
830 0 _aPublications du Bureau International d'Éducation ;
_v36
_9181740
852 _aES-MaACL
_j1797-F-12
999 _c125664
_d125664